Animals by Picture - G - Statistics

General Stats
  • This quiz has been taken 78 times
  • The average score is 11 of 16
Answer Stats
Picture Answer % Correct
Giraffe
100%
Goldfish
98%
Gorilla
98%
Gazelle
91%
Gecko
88%
Gull
86%
Goose
85%
Goat
82%
Gerbil
67%
Gibbon
67%
Gila Monster
59%
Gharial
42%
Guinea Fowl
38%
Gar
35%
Gemsbok
17%
Gerenuk
17%
No matching quizzes found
Score Distribution
Percent of People with Each Score
Percentile by Number Answered
Your Score History
You have not taken this quiz